000
00202 a2200097 4500
001
1900
100
_a
Nadere, G.
245
_a
Motion and time study
260
_a
_b
Mc graw-Hill
_c
090
_c
1399
_d
1399
942
_a
NUST-CAE
_c
M
_c
4435
999
_c
236973
_d
236973